00677cam a22002171 450000100060000000300080000600500170001400800390003103500190007003500190008904000250010804100080013308200200014110000250016124500480018626000450023430000240027950400640030365100140036771000780038127381BD-RjUL20211209051140.0140325s1952 nyu b 001 0 eng a(BD-RjUL)27454 a(OCoLC)2531465 aDLCcOdNNdDLCbeng aeng a916.3bTAC 19521 aTalbot, David Abner.10aContemporary Ethiopia /cDavid Abner Talbot aNew York :bPhilosophical Library,c1952 ax, 267 p. ;c23 cm. aIncludes bibliographical references (p. 261-262) and index. 0aEthiopia.2 aThomas Leiper Kane Collection (Library of Congress. Hebraic Section)5DLC